Loading...
| Literature - American | 1 | 3 | 0 | 1 | 45 | 77 | 122.50 | 0 | 1 | 0.00 | 0.00 |
| Literature - European | 0 | 3 | 0 | 0 | 30 | 101 | 114.67 | 0 | 0 | 0.00 | 0.00 |
| Fine Arts - Visual | 0 | 3 | 0 | 0 | 30 | 100 | 137.00 | 0 | 1 | 0.00 | 0.00 |
| Literature - British | 0 | 2 | 0 | 0 | 20 | 154 | 155.00 | 0 | 0 | 0.00 | 0.00 |
| Literature - World | 0 | 2 | 1 | 0 | 15 | 116 | 123.00 | 1 | 1 | 0.00 | 0.00 |
| Science - Chemistry | 0 | 1 | 0 | 0 | 10 | 100 | 100.00 | 0 | 0 | 0.00 | 0.00 |
| Fine Arts - Other | 0 | 1 | 0 | 0 | 10 | 120 | 120.00 | 0 | 1 | 0.00 | 0.00 |
| Modern World | 0 | 1 | 0 | 0 | 10 | 80 | 80.00 | 0 | 0 | 0.00 | 0.00 |
| History - World | 0 | 0 | 0 | 0 | 0 | 0.00 | 0 | 0 | 0.00 | 0.00 |